000 00810nam a2200229Ii 4500
003 JO-AjNU
008 230605s9999||||xx |||||||||||||| ||und||
017 _a2022/5/2543
020 _a978-9957-13-512-9
040 _aJO-AjNU
_bara
_erda
_cJO-AjNU
041 _aara
050 1 4 _aPJ7521.M2282.2022
100 3 _aالماضي، شكري عزيز وآخرون؛ تقديم غسان اسماعيل هبد الخالق,
_eauthor
_963611
245 0 0 _aهند ابو الشعر .. اديبة ومؤرخة وموثقة
250 _aط1
264 3 1 _aالاردن/عمان: مؤسسة عبد الحميد شومان، 2022
300 _a211ص
336 _atext
_btxt
_2rdacontent
337 _aunmediated
_bn
_2rdamedia
338 _avolume
_bnc
_2rdacarrier
650 4 _aادباء عرب-تراجم
_963612
999 _aA28864
_c32432
_d32432